000 02620nam a2200313 a 4500
001
003 DO-SdBNP
005 20210830130550.0
008 110314s2010 dr a r 001 | spa d
020 _a9789945870916
040 _aDO-SdBNP
_bspa
_cBPMSU
082 _a324.97293
_bC639c 2010
_222
100 1 _aClime, Danilo P.
245 1 0 _aCiclos políticos-electorales dominicano :
_b(ánalisis del sistema político-electoral dominicano y consideraciones generales para el estudio de los sistemas políticos y los procesos electorales latinoamericanos)
_cDanilo P. Clime.
246 1 4 _aCiclos políticos-electorales dominicano
260 _aSanto Domingo :
_bInstituto para el Estudios de la Conducta Política,
_c2010.
300 _a698 p. :
_bil. ;
_c23 cm.
500 _aIncluye referencias bibliográficas y notas al pie de las páginas.
500 _aIncluye índice
500 _aIncluye datos biográficos del autor en las solapas
500 _aAnálisis del sistema político-electoral dominicano y consideraciones generales para el estudio de los sistemas políticos y los procesos electorales latinoamericanos.
500 _aIncluye índice onomástico.
505 0 _aBreve introducción -- Elecciones, procesos histórico-políticos y estructrutura social -- Elementos conseptuales básicos -- Ciclos electorales dominicanos : una primera consideración general -- Elementos para una construción tipológica del proceso-electoral dominicano -- Explicaciones básicas sobre los diferentes estudios ´político-electorales dominicanos -- Elementos de referencia básicos para la explicación del estado político-electoral, referido a la autocracia personalista post -colonial -- Elementos explicativos del estado político-electoral referido a la anarquía caudillista -- Elementos explicativos del estado político-electoral, caracterizado por la tensión, conflicto y violencia estatal -- Elementos explicativos del estado político-electoral de la autocracia ejercida por un caudillo centralizante -- Elementos explicativos del estado político-electoral de acentuada crísis constitucional y el bonapartismo extranjero -- Elementos de referencia básics para la explicación del estado político-- electoral de la busqueda por instaurar un modelo democrático eficiente y la modernización -- Realidades y características del sistema político-electoral dominicano una perspectiva global.
590 _aInventariado, 2021/VM
650 4 _aElecciones
_zRepública Dominicana
_xHistoria
651 4 _aRepública Dominicana
_xPolítica gobierno
910 _aVMateo V.
942 _2ddc
_cBK
999 _c13689
_d13689